Injuries to women in personal service occupations in Ohio, (Record no. 36232)

MARC details
000 -LEADER
fixed length control field 00798cam a22002411 4500
001 - CONTROL NUMBER
control field l 37000110
003 - CONTROL NUMBER IDENTIFIER
control field DLC
005 - DATE AND TIME OF LATEST TRANSACTION
control field 20260227111536.0
008 - FIXED-LENGTH DATA ELEMENTS--GENERAL INFORMATION
fixed length control field 770428s1937 dcua f000 0 eng c
010 ## - LIBRARY OF CONGRESS CONTROL NUMBER
LC control number l 37000110
035 ## - SYSTEM CONTROL NUMBER
System control number (OCoLC)2922961
040 ## - CATALOGING SOURCE
Original cataloging agency U.S. Dept. of Labor
Transcribing agency Mi
Modifying agency DLC
042 ## - AUTHENTICATION CODE
Authentication code premarc
050 00 - LIBRARY OF CONGRESS CALL NUMBER
Classification number HD6093
Item number .A35 no. 151
100 1# - MAIN ENTRY--PERSONAL NAME
Personal name Mettert, Margaret Jane Thompson,
Dates associated with a name 1907-
245 10 - TITLE STATEMENT
Title Injuries to women in personal service occupations in Ohio,
Statement of responsibility, etc. by Margaret T. Mettert.
260 ## - PUBLICATION, DISTRIBUTION, ETC.
Place of publication, distribution, etc. Washington,
Name of publisher, distributor, etc. U.S. Govt. Print. Off.,
Date of publication, distribution, etc. 1937.
300 ## - PHYSICAL DESCRIPTION
Extent v, 23 p.
Other physical details pl.
Dimensions 24 cm.
490 0# - SERIES STATEMENT
Series statement Bulletin of the [U.S.] Women's bureau,
Volume/sequential designation no. 151
650 #0 - SUBJECT ADDED ENTRY--TOPICAL TERM
Topical term or geographic name entry element Industrial accidents
Geographic subdivision Ohio
650 #0 - SUBJECT ADDED ENTRY--TOPICAL TERM
Topical term or geographic name entry element Women
General subdivision Employment
Geographic subdivision Ohio
740 0# - ADDED ENTRY--UNCONTROLLED RELATED/ANALYTICAL TITLE
Uncontrolled related/analytical title Personal service occupations in Ohio

No items available.

Powered by Koha